Migración de afiliados en el sistema isapre /

Bibliographic Details
Main Author: Inostroza, Manuel
Other Authors: Muñoz, Alberto, Sánchez, Marlene
Format: Analitica de revista
Language:Spanish

MARC

LEADER 00000cab a2200000 a 4500
001 039922
003 UAHC_CL
005 20170803124416.0
008 050318b xx j 000 1 spa
040 |a UAHC_CL  |c UAHC_CL  |d UAHC_CL 
100 1 |a Inostroza, Manuel 
245 1 0 |a Migración de afiliados en el sistema isapre /  |c Manuel Inostroza, Alberto Muñoz y Marlene Sánchez. 
500 |a En: Rev Chil Salud Pública, 2005; Vol 9 (3): 177-181. 
500 |a En: Rev Chil Salud Pública, 2005; Vol 9 (3): 177-181. 
700 1 |a Muñoz, Alberto 
700 1 |a Sánchez, Marlene 
700 1 |a Muñoz, Alberto 
700 1 |a Sánchez, Marlene 
759 |a PP126 
773 0 |t Revista cultura.  |w 029900 
900 |a REV. CHIL. SALUD PUBLICA-03/05 
942 |c REVA 
952 |0 0  |1 0  |4 0  |6 REV___CHIL__SALUD_PUBLICA03_05_000000000000000  |7 0  |8 General  |9 75569  |a BC  |b BC  |c General  |d 2017-08-03  |l 0  |o REV. CHIL. SALUD PUBLICA-03/05  |p FICTICIO5890  |r 2019-01-08 00:00:00  |t 1  |w 2017-08-03  |y REVA 
999 |c 39922  |d 39922